000 01612nam0a2200349 4500
001 RU\NLR\BIBL_A\022756621
005 20260329044739.0
010 _a978-5-94668-438-5
_9100
035 _a(NLR Aleph) 022756621
090 _a13644205
_c13644205
100 _a20260317d2025 u y0rusy50 ca
101 0 _arus
_aeng
102 _aRU
105 _aachgz 000zd
181 0 _ai3
_baxxe
182 0 _an
200 1 _aLabore et scientia, arte et humanitate
_eхроники курса полковника Балашова
_fАлишер Ташбаев
203 _aТекст
_bвизуальный
_cнепосредственный
210 _aСанкт-Петербург
_cРосток
_d2025
215 _a662 с., [96] л. ил, цв. ил., портр., цв. портр., факс., ноты
_cпортр.
_d25
300 _aЧасть текста на англ. яз.
320 _aБиблиогр.: с. 646-648 (56 назв.), в тексте и в подстроч. примеч.
541 1 _aТруд и наука, искусство и гуманность
601 0 2 _aВоенно-медицинская академия им. С. М. Кирова
_cСанкт-Петербург, город
_xИстория
_jВоспоминания, записки и т.п
_2nlr_sh2
_3RU\NLR\AUTH\6601747743
686 1 _aЦ4,6(2)393.16г,013
686 1 _aР.е(2)л32г
700 1 _aТашбаев
_bА.
_gАлишер
702 1 _aБалашов
_bВ. В.
_gВячеслав Вячеславович
_4280
942 _cBOOK
980 _aNB